000 00701nam a2200193 a 4500
003 OSt
005 20240227091933.0
008 180419t2003 xxu||||| |||| 00| 0 urd d
040 _c0
082 _a923.25491
_bSUF 2003
100 1 0 _aصوفی،پروفيسرايم اے
_9121354
245 1 0 _aما درملت محترمہ فاطمہ جناح:
_bحيات وافکار
_cProf Dr M A Sufi
246 _aMadar E Millat Fatima Jinnah:
_bHayyat O Afkar
260 _aLahore:
_bIlmo Irfan Pub;
_c2003.
300 _a360 p.:
650 _aBiography
_bFatima Janah
_9121355
942 _2ddc
_cBK
_aSADA
_k923.25491 SUF 2003
999 _c608267
_d608267